Datum a čas kvízu
28.5
Celkem bodů
Celkový počet nahraných bodů na tomto kvízu bez doplňovacích otázek.
5.
Pořadí na kvízu
Konečné umístění týmu na tomto kvízu.
Zaznamenané odpovědi
| # | Otázka | Odpověď | Body | Výsledky |
|---|---|---|---|---|
| 1. | Minulý týden se konala velmi k... | zadek | 1 | |
| 2. | Ve které evropské metropoli se... | v Kodani | 0 | |
| 3. | Na filmovém festivalu v Curych... | Byla vytvořena umělou inteligencí (AI). | 1 | |
| 4. | Od 1. října 2025 došlo na Leti... | 2 000 mililitrů | 1 | |
| 5. | Ve kterém městě se odehrál UFC... | v Las Vegas | 0 | |
| 6. | Wikipedii s nejvyšší pravděpod... | z havajštiny | 0 | |
| 7. | Fanoušci kvízu občas jistě se... | D | 0 | |
| 8. | Dobrým zdrojem informací jsou... | Jsi chytřejší než páťák? | 1 | |
| 9. | Mnemotechnické pomůcky se hodí... | struny na kytaře (pořadí strun/tónů) | 1 | |
| 10. | Někdy však k úspěchu v kvízu s... | 1C 2A 3D 4B | 1 |